00722nam a2200181 a 450000100100000000500170001000800410002704000250006808200150009310000430010824500940015126000820024530000200032704900090034770000540035695201130041099900170052300002920020240316073904.0110414s1976 dr 000 p spa d aDO-SdBNPbspacBNPHU axxxbM524v1 aMella Chavier, Georgiliod1923-92923810aVersos de la sabana /cGeorgilio Mella Chavier ; introducción de Marcio Veloz Maggiolo. aSan Pedro de Macorís, República Dominicana :bEditora de la Salle,c1976. a20 p. ;c21 cm. aBNPD1 aVeloz Maggiolo, Marcio,d1936-2021eintrod.91104 0010718PDaPDbPDcCTd2011-04-14iLF1l0oxxx M524vp29200-10r2020-06-25w2020-06-25yLFPDZNo se presta c28692d28692